| 000 | 00882nmm a2200289 a 4500 | ||
|---|---|---|---|
| 003 | AR-BaBNM | ||
| 005 | 20251128205040.0 | ||
| 008 | 166019s1994 ||||||||||||||000 | spa|| | ||
| 020 | _a950-04-1218-7 | ||
| 040 | _cAR-BaBNM | ||
| 110 | 2 | _aEarth Works Group | |
| 245 | 1 | 0 | _a50 cosas que usted puede hacer para salvar la tierra |
| 246 | 1 | _aCincuenta cosas que usted puede hacer para salvar la tierra | |
| 260 |
_aBuenos Aires _bEmecé _c1994 |
||
| 300 | 0 |
_a129 p. _bil. |
|
| 500 | 0 | _aContiene indice de organizaciones dedicadas al medio ambiente | |
| 650 | 4 | _aEDUCACION AMBIENTAL | |
| 650 | 4 | _aECOLOGIA | |
| 650 | 4 | _aTECNICAS DE ENSENANZA | |
| 650 | 4 | _aEDUCACION DEL NINO | |
| 650 | 4 | _aRESPONSABILIDAD DEL NINO | |
| 653 | 0 | _aTEMAS TRANSVERSALES | |
| 700 | 1 |
_aCorgatelli, Rosa S. _etraductor |
|
| 700 | 1 |
_aCalwell, Chris _eprologuista |
|
| 942 | _cBK | ||
| 998 | _csilvi | ||
| 999 |
_c9779 _d9779 |
||